|
|
|
|
| LEADER |
00000nas a2200000 a 4500 |
| 001 |
ssj0000392437 |
| 003 |
WaSeSS |
| 005 |
20200512172242.0 |
| 006 |
m d |
| 007 |
cr n |
| 008 |
081121c20099999nz ar s | a0eng c |
| 010 |
|
|
|a 2010207574
|
| 016 |
7 |
|
|a 101525397
|2 DNLM
|
| 022 |
|
|
|a 1179-1330
|l 1179-1330
|
| 035 |
|
|
|a (WaSeSS)ssj0000392437
|
| 040 |
|
|
|a NZ1
|b eng
|c NZ1
|d OCLCQ
|d DLC
|d CUS
|d OCLCQ
|d OCLCF
|d OCLCO
|d EUW
|d OCLCO
|d NLM
|d OCLCO
|d OCLCQ
|d OCLCO
|d OCLCQ
|d CASUM
|d OCLCO
|d OCLCQ
|d WaSeSS
|
| 042 |
|
|
|a pcc
|a nsdp
|
| 050 |
0 |
0 |
|a QH573
|
| 060 |
0 |
0 |
|a W1
|
| 082 |
0 |
4 |
|a 611.0181
|2 22
|
| 210 |
1 |
0 |
|a Cell Health Cytoskelet
|2 dnlm
|
| 210 |
0 |
|
|a Cell health cytoskelet.
|
| 222 |
|
0 |
|a Cell health and cytoskeleton
|
| 245 |
0 |
0 |
|a Cell health and cytoskeleton
|h [electronic resource].
|
| 260 |
|
|
|a [Auckland, N.Z.] :
|b Dove Medical Press,
|c ©2009-
|
| 310 |
|
|
|a Annual
|
| 362 |
1 |
|
|a Began with v. 1 (2009).
|
| 500 |
|
|
|a Archived by the National Library of New Zealand.
|
| 506 |
|
|
|a License restrictions may limit access.
|
| 515 |
|
|
|a Articles added irregularly during the year and collected into annual issues.
|
| 538 |
|
|
|a Mode of access: World Wide Web.
|
| 588 |
|
|
|a Description based on first issue; title from journal home page (Publisher's Web site, viewed July 7, 2009).
|
| 588 |
|
|
|a Latest issue consulted: 2015:7 (viewed Dec. 15, 2015).
|
| 650 |
|
0 |
|a Cytology
|v Periodicals.
|
| 650 |
|
7 |
|a Cytology.
|2 fast
|0 (OCoLC)fst00886282
|
| 650 |
1 |
2 |
|a Cells
|x cytology.
|
| 650 |
2 |
2 |
|a Cytoskeleton.
|
| 655 |
|
0 |
|a Electronic journals.
|
| 850 |
|
|
|a DLC
|
| 856 |
4 |
0 |
|z Full text available from Research Library: 01/01/2009 to 01/31/2016
|u https://search.proquest.com/publication/3933195
|